000 01210nam1a2200337 i 4500
001 RU\NLR\bibl\128250
005 20240920045222.0
035 _a(NLR Aleph) 000125644
090 _a716561
_c716561
100 _a20010116g20009999u y0rusy50 ca
101 1 _arus
_cger
102 _aRU
105 _ab |||||||||
200 1 _aПродажи
_eбазовый курс
_eоптимальный путь к профессионализму
_e[в 6 кн.]
_fВильгельм Кюппер
_gпер. с нем. [Н.А. Врублевская]
210 _aМ.
_cИнтерэксперт
_d2000
215 _d29
463 0 _1001126540
463 0 _1001129321
463 0 _1001129319
463 0 _1001153150
463 0 _1001153152
463 0 _1001153157
606 0 _aТорговля
_jРуководства, пособия и т.п.
_9906647
_3RU\NLR\auth\6610658
606 0 _aТорговля
_jУчебные издания
_9906647
_3RU\NLR\auth\6610658
686 _aУ42(0)1я7
700 1 _aКюппер
_bВ.
_gВильгельм
_4070
801 0 _aRU
_bNLR
_c20010116
_gPSBO
801 1 _aRU
_bNLR
_c20010116
852 _aNLR
_j2000-8/2279
942 _cBOOK